00421cam a2200169ua 45000010005000000080039000050200018000440400009000620410008000710820008000791000025000872450063001122500009001752600033001843000014002176530020002317188141203n ii |||gr||||Z||||||eng a9788123762821 cMAIN aeng a954 aPuri, H.K.,eAuthor.1 aGhadar movement : bShort history / cBy Harish K. Puri .  a1st. aNew Delhi:bNational,c2011. axii,168p. aIndian movement